Canciones de Gustavo Cerati - Estadísticas

Estadísticas generales
  • Esta prueba ha sido intentada 375 veces
  • La puntuación promedio es 52 de 93
Estadísticas de respuestas
Respuesta % Correcto
Amor amarillo
93%
Bocanada
90%
Crimen
88%
Cosas imposibles
83%
Fuerza natural
83%
Te llevo para que me lleves
83%
Lisa
82%
Puente
82%
Adiós
81%
Cactus
80%
Déjà vu
79%
Beautiful
73%
Lago en el cielo
73%
Tabú
72%
Vivo
72%
Colores santos
70%
Fantasma
70%
Karaoke
70%
La excepción
70%
Av. Alcorta
69%
Bajan
69%
Magia
67%
# (Numeral)
67%
Engaña
63%
Al fin sucede
62%
He visto a lucy
62%
Aquí & ahora (Y después)
61%
Jugo de luna
61%
Rapto
61%
Sal
61%
A merced
60%
Aquí & ahora (Los primeros tres minutos)
60%
Cabeza de medusa
60%
Convoy
60%
Médium
60%
Me quedo aquí
60%
Sudestada
60%
Balsa
59%
Paseo inmoral
59%
Rombos
59%
Torre de marfil
59%
Tracción a sangre
59%
Vuelta por el universo
59%
Alma
58%
Caravana
58%
Casa
58%
No te creo
58%
Otra piel
58%
Pulsar
58%
Sulky
58%
+Bien
57%
Desastre
57%
Nací para esto
57%
Perdonar es divino
57%
Río Babel
57%
Amor sin rodeos
56%
Tu cicatriz en mí
56%
Uno entre 1000
55%
Verbo carne
55%
Bomba de tiempo
54%
Hoy ya no soy yo
54%
Tu locura
54%
Dominó
53%
Naturaleza muerta
53%
Raíz
53%
Torteval
52%
Artefacto
51%
Dios nos libre
51%
Especie
51%
Señales luminosas
51%
Altar
49%
Amo dejarte así
46%
Camuflaje
46%
Y si el humo está en foco...
46%
Tu medicina
44%
Ahora es nunca
43%
Marea de Venus
42%
Llegaste
38%
Quatro
37%
La costura de Dios
33%
La costura de Dios V2
33%
Cozumel
32%
La cuerda planetaria
30%
Pudo ser
28%
Kuro
27%
Paracaídas
25%
Madre Tierra
24%
Alborada
23%
Es sólo una ilusión
22%
Paisaje porcelana
20%
Regando
19%
Símil paraíso
19%
Todos duermen
19%
No se encontraron pruebas coincidentes
Distribución de puntuación
Porcentaje de gente con cada puntuación
Porcentaje por número respondido
Historial de tus puntuaciones
No has intentado esta prueba.